Quiz de Antígua e Barbuda - Statistics

Estatísticas Gerais
  • Esse quiz foi jogado 526 vezes
  • A pontuação média é 7 de 13
Estatísticas das Respostas
Dica Resposta % Correto
Língua oficial Inglês
95%
País que controlou as ilhas, 1632–1981 Reino Unido
88%
Mar a oeste do país Caribe
87%
Moeda oficial Dólar
84%
O acima faz parte deste arquipélago Pequenas {Antilhas}
71%
Indústria que conta para 50% do PIB do país Turismo
63%
Esporte mais popular Críquete
61%
Capital Saint John's
57%
Doença que pensa ter matado a maior parte dos nativos da ilha Varíola
35%
Nome do Pico Boggy entre 2009 a 2016, o maior ponto do país (dica: um líder americano) Monte {Obama}
32%
Grupo de ilhas do qual o país faz parte Ilhas de {Sota}vento
26%
Cidade principal em Barbuda {Codring}ton
18%
Ultimo nome dos líderes Vere e Lester Bird
16%
Nenhum quiz correspondente encontrado
Distribuição das Pontuações
Porcentagem de Pessoas com Cada Pontuação
Percentil de Números Respondidos
Sua Pontuação Histórica
Você não jogou esse quiz